| 000 | 00498nam a2200181 a 4500 | ||
|---|---|---|---|
| 001 | 3646 | ||
| 003 | CDMR | ||
| 005 | 20130930173950.0 | ||
| 008 | 130130s1981||||||||||||||||||||||||||||d | ||
| 020 | _a9682410878 | ||
| 040 |
_aCDMR _bcat _cCDMR |
||
| 110 | 2 |
_aCBS News _92597 |
|
| 245 | 1 | 0 |
_aTécnica de las noticias en televisión _ctraducción Agustín Bárcena |
| 260 |
_aMéxico _c1968 _bTrillas |
||
| 650 | 0 | 4 |
_93157 _aTelevisió _xNoticiaris |
| 650 | 0 | 4 |
_93785 _aTelevisió _xTècnica |
| 942 |
_cMON _2udc |
||
| 999 |
_c3646 _d3646 |
||